Library Banner

The policy environment of management development institutions in (Record no. 30046)

MARC details
000 -LEADER
fixed length control field 00590nam a2200205Ia 4500
001 - CONTROL NUMBER
control field 29991
003 - CONTROL NUMBER IDENTIFIER
control field PK-LaUMT
005 - DATE AND TIME OF LATEST TRANSACTION
control field 20221004165911.0
008 - FIXED-LENGTH DATA ELEMENTS--GENERAL INFORMATION
fixed length control field 140415s9999 xx 000 0 und d
020 ## - INTERNATIONAL STANDARD BOOK NUMBER
International Standard Book Number 0821316133
040 ## - CATALOGING SOURCE
Transcribing agency PK-LaUMT
082 ## - DEWEY DECIMAL CLASSIFICATION NUMBER
Classification number W 658.407124
Item number ROB-P
100 ## - MAIN ENTRY--PERSONAL NAME
Personal name Lee Roberts
245 #4 - TITLE STATEMENT
Title The policy environment of management development institutions in
Remainder of title problems and prospects for reform
Statement of responsibility, etc Lee Roberts
260 ## - PUBLICATION, DISTRIBUTION, ETC. (IMPRINT)
Place of publication, distribution, etc Washington,USA:
Name of publisher, distributor, etc World Bank,
Date of publication, distribution, etc 1990
300 ## - PHYSICAL DESCRIPTION
Extent 47 p.
546 ## - LANGUAGE NOTE
Language note EN
650 ## - SUBJECT ADDED ENTRY--TOPICAL TERM
Topical term or geographic name as entry element assessment center-Congresses
942 ## - ADDED ENTRY ELEMENTS (KOHA)
Koha item type Permanently weeded out collection
Source of classification or shelving scheme Dewey Decimal Classification
Holdings
Withdrawn status Lost status Damaged status Not for loan Home library Current library Date acquired Total Checkouts Full call number Barcode Date last seen Price effective from Koha item type
        UMT Main Campus UMT Main Campus 2014-04-05   W 658.407124 ROB-P 37140 2014-04-25 2014-04-25 Books